Les noms des hôpitaux de l'APHP - Statistiques

Statistiques générales
  • Ce quiz a été pris 104 fois
  • Le résultat moyen est 13 sur 41
Statistiques - réponses
Indice 1 Indice 2 Indice 3 Indice 4 Prénom Nom % Correct
75 Paris N Ministre 1732-1804 et son épouse Jacques et Suzanne Necker
71%
75 Paris SL Roi 1214-1270 Saint-Louis
62%
75 Paris PS Notre-Dame-de-P./ Fabrique de poudre Pitié-Salpétrière
61%
94 Créteil HM Médecin 1885-1962 Henri Mondor
59%
75 Paris GP Président 1911-1974 Georges Pompidou
58%
75 Paris L Comtesse 1794-1851 Elisa de Lariboisière
53%
94 Le Kremlin-Bicêtre B Ancien domaine Bicêtre
51%
75 Paris SA Faubourg et abbaye Saint-Antoine
51%
93 Bobigny A Médecin 980-1037 Avicenne
48%
75 Paris HD créé en 651 Hôtel-Dieu
47%
75 Paris RD Médecin 1882-1978 Robert Debré
46%
75 Paris C Prêtre 1726-1783 Jean-Denis Cochin
45%
92 Boulogne-Billancourt AP Médecin 1510-1590 Ambroise Paré
42%
92 Garches RP Président 1860-1934 Raymond Poincaré
40%
92 Clichy B Financier 1718-1786 Nicolas Beaujon
39%
75 Paris T Médecin 1724-1816 Jacques René Tenon
38%
95 La-Roche-Guyon LRG Nom de la commune La-Roche-Guyon
38%
75 Paris AT Médecin 1801-1867 Armand Trousseau
35%
92 Clamart AB Médecin 1856-1939 Antoine Béclère
32%
92 Colombes LM Médecin 1873-1960 Louis Mourier
31%
75 Paris B CB Médecin 1771-1802 Médecin 1813-1878 Xavier Bichat Claude Bernard
28%
92 Issy-les-Moulineaux CC Résistant 1901-1943 Corentin Celton
27%
75 Paris FW Médecin 1862-1929 Fernand Widal
27%
94 Villejuif PB Conseiller municipal 1844-1912 Paul Brousse
27%
93 Bondy JV Préfet - Président de l'APHP 1915-1974 Jean Verdier
26%
94 Ivry-sur-Seine CF Médecin 1882-1927 Charles Foix
24%
75 Paris R Fondation 1852-1954 Rothschild
24%
75 Paris B Médecin 1824-1880 Paul Broca
21%
60 Labruyère PD Président 1857-1932 Paul Doumer
21%
94 Limeil ER Médecin 1853-1933 Emile Roux
19%
75 Paris B Médecin 1778-1862 Pierre Bretonneau
18%
94 Créteil AC Secrétaire de l'APHP 1875-1939 Albert Chenevier
16%
91 Champcueil GC Médecin - Politicien - 1841-1929 Georges Clémenceau
16%
93 Sevran RM Administrateur de l'APHP René Muret
16%
64 Hendaye M Homme de mer - ancien sanatorium Marin
14%
62 Berck-sur-Mer M De la mer - ancien sanatorium Maritime
13%
91 Draveil D Médecin 1777-1835 Guillaume Dupuytren
12%
75 Paris SP Ancienne abbaye Sainte-Périne
12%
83 Hyères SS Ancien domaine San Salvadour
11%
75 Paris LC Ancienne église La Collégiale
9%
75 Paris GP Directeur de l'APHP 1925-1998 Gabriel Pallez
5%
Aucun quiz correspondant
Distribution des résultats
% des personnes avec chaque résultat
Percentile par nombre de réponses
Votre historique - résultats
Vous n’avez pas pris ce quiz